000 00356nam a2200133Ia 4500
008 151001s9999||||xx |||||||||||||| ||und||
100 _aहरी नारायण आपटे
245 _aतीन नाटके
250 _a1
260 _bआर्यभूषण मुद्रणालय
260 _c1964
300 _a124
365 _b7
999 _c953545
_d953542